<?xml version="1.0" encoding="UTF-8"?>
<record
    xmlns:xsi="http://www.w3.org/2001/XMLSchema-instance"
    xsi:schemaLocation="http://www.loc.gov/MARC21/slim http://www.loc.gov/standards/marcxml/schema/MARC21slim.xsd"
    xmlns="http://www.loc.gov/MARC21/slim">

  <leader>00433nam a22001817a 4500</leader>
  <controlfield tag="003">OSt</controlfield>
  <controlfield tag="008">250503b        |||||||| |||| 00| 0 eng d</controlfield>
  <datafield tag="020" ind1=" " ind2=" ">
    <subfield code="a">9789384266677</subfield>
  </datafield>
  <datafield tag="082" ind1=" " ind2=" ">
    <subfield code="a">614.35 AGP</subfield>
  </datafield>
  <datafield tag="100" ind1=" " ind2=" ">
    <subfield code="a">Agarwal, S.P</subfield>
  </datafield>
  <datafield tag="245" ind1=" " ind2=" ">
    <subfield code="a">Pharmaceutical Jurisprudence</subfield>
  </datafield>
  <datafield tag="250" ind1=" " ind2=" ">
    <subfield code="a">1st</subfield>
  </datafield>
  <datafield tag="260" ind1=" " ind2=" ">
    <subfield code="a">Delhi</subfield>
    <subfield code="b">Birla</subfield>
    <subfield code="c">2026</subfield>
  </datafield>
  <datafield tag="300" ind1=" " ind2=" ">
    <subfield code="a">xv,300</subfield>
  </datafield>
  <datafield tag="650" ind1=" " ind2=" ">
    <subfield code="a">Pharmaceutical Jurispridence</subfield>
  </datafield>
  <datafield tag="700" ind1=" " ind2=" ">
    <subfield code="a">Khanna, Rajesh</subfield>
  </datafield>
  <datafield tag="942" ind1=" " ind2=" ">
    <subfield code="2">ddc</subfield>
    <subfield code="c">BK</subfield>
  </datafield>
  <datafield tag="999" ind1=" " ind2=" ">
    <subfield code="c">13506</subfield>
    <subfield code="d">13506</subfield>
  </datafield>
  <datafield tag="952" ind1=" " ind2=" ">
    <subfield code="0">0</subfield>
    <subfield code="1">0</subfield>
    <subfield code="2">ddc</subfield>
    <subfield code="4">0</subfield>
    <subfield code="7">0</subfield>
    <subfield code="8">DP</subfield>
    <subfield code="a">PIET</subfield>
    <subfield code="b">PIET</subfield>
    <subfield code="d">2025-05-03</subfield>
    <subfield code="e">Zafaa Books Distributres</subfield>
    <subfield code="f">Rs</subfield>
    <subfield code="g">320.00</subfield>
    <subfield code="k">ZBD0090</subfield>
    <subfield code="l">1</subfield>
    <subfield code="o">614.35 AGP</subfield>
    <subfield code="p">DP1476</subfield>
    <subfield code="r">2026-05-16 09:11:00</subfield>
    <subfield code="s">2026-05-04</subfield>
    <subfield code="v">224.00</subfield>
    <subfield code="w">2025-05-02</subfield>
    <subfield code="y">REF</subfield>
  </datafield>
  <datafield tag="952" ind1=" " ind2=" ">
    <subfield code="0">0</subfield>
    <subfield code="1">0</subfield>
    <subfield code="2">ddc</subfield>
    <subfield code="4">0</subfield>
    <subfield code="7">0</subfield>
    <subfield code="8">DP</subfield>
    <subfield code="a">PIET</subfield>
    <subfield code="b">PIET</subfield>
    <subfield code="d">2025-05-03</subfield>
    <subfield code="e">Zafaa Books Distributres</subfield>
    <subfield code="f">Rs</subfield>
    <subfield code="g">320.00</subfield>
    <subfield code="k">ZBD0090</subfield>
    <subfield code="l">2</subfield>
    <subfield code="o">614.35 AGP</subfield>
    <subfield code="p">DP1477</subfield>
    <subfield code="q">2026-06-09</subfield>
    <subfield code="r">2026-05-26 12:32:55</subfield>
    <subfield code="s">2026-05-26</subfield>
    <subfield code="v">224.00</subfield>
    <subfield code="w">2025-05-02</subfield>
    <subfield code="y">BK</subfield>
  </datafield>
  <datafield tag="952" ind1=" " ind2=" ">
    <subfield code="0">0</subfield>
    <subfield code="1">0</subfield>
    <subfield code="2">ddc</subfield>
    <subfield code="4">0</subfield>
    <subfield code="7">0</subfield>
    <subfield code="8">DP</subfield>
    <subfield code="a">PIET</subfield>
    <subfield code="b">PIET</subfield>
    <subfield code="d">2025-05-03</subfield>
    <subfield code="e">Zafaa Books Distributres</subfield>
    <subfield code="f">Rs</subfield>
    <subfield code="g">320.00</subfield>
    <subfield code="k">ZBD0090</subfield>
    <subfield code="l">3</subfield>
    <subfield code="o">614.35 AGP</subfield>
    <subfield code="p">DP1478</subfield>
    <subfield code="r">2026-05-28 10:25:27</subfield>
    <subfield code="s">2026-05-20</subfield>
    <subfield code="v">224.00</subfield>
    <subfield code="w">2025-05-02</subfield>
    <subfield code="y">BK</subfield>
  </datafield>
</record>
